|
|
|
|
| LEADER |
00000nas a2200000 a 4500 |
| 001 |
ssj0012718 |
| 003 |
WaSeSS |
| 005 |
20200512172242.0 |
| 006 |
m d |
| 007 |
cr n |
| 008 |
750701c19719999caumn p s 0 a0eng c |
| 010 |
|
|
|a 89662277
|z sn 78004212
|
| 022 |
|
|
|l 0300-6557
|y 0300-6557
|
| 032 |
|
|
|a 550050
|b USPS
|
| 035 |
|
|
|a (WaSeSS)ssj0012718
|
| 037 |
|
|
|b Trailer Boats Circulation Center, P.O. Box 122, Mt. Morris, IL 61054-0122
|
| 040 |
|
|
|a NSD
|b eng
|c NSD
|d OCL
|d NSD
|d AIP
|d NSD
|d EBZ
|d DLC
|d NST
|d DLC
|d OCLCQ
|d OCLCF
|d OCLCO
|d CUS
|d OCLCQ
|d WaSeSS
|
| 042 |
|
|
|a nsdp
|a pcc
|
| 043 |
|
|
|a n-us---
|
| 050 |
0 |
0 |
|a GV776.A2
|b T7
|
| 082 |
0 |
0 |
|a 623.88/2313/05
|2 20
|
| 210 |
0 |
|
|a Trailer boats
|
| 222 |
|
0 |
|a Trailer boats
|
| 245 |
0 |
0 |
|a Trailer boats
|h [electronic resource].
|
| 246 |
1 |
8 |
|a Trailer boats magazine,
|f <Mar. 1988-May 1989>
|
| 260 |
|
|
|a [Carson, CA] :
|b [Poole Publications]
|
| 310 |
|
|
|a Monthly (except combined Nov./Dec. issue),
|b <May 1980->
|
| 321 |
|
|
|a Bimonthly
|
| 362 |
1 |
|
|a Began in 1971.
|z Cf. Ulrich's international periodicals directory, 15th ed.
|
| 506 |
|
|
|a License restrictions may limit access.
|
| 588 |
|
|
|a Description based on: Mar. 1988; title from cover.
|
| 588 |
|
|
|a Latest issue consulted: Oct. 1989.
|
| 650 |
|
0 |
|a Boats and boating
|z United States
|v Periodicals.
|
| 650 |
|
0 |
|a Boat trailers
|z United States
|v Periodicals.
|
| 650 |
|
7 |
|a Boat trailers.
|2 fast
|0 (OCoLC)fst00835142
|
| 650 |
|
7 |
|a Boats and boating.
|2 fast
|0 (OCoLC)fst00835176
|
| 651 |
|
7 |
|a United States.
|2 fast
|0 (OCoLC)fst01204155
|
| 655 |
|
0 |
|a Electronic journals.
|
| 850 |
|
|
|a CSf
|a DLC
|
| 856 |
4 |
0 |
|z Full text available from Research Library: 01/01/1994 to 06/30/2011
|u https://search.proquest.com/publication/30536
|